| 000 | 00921cab a2200277 4500 | ||
|---|---|---|---|
| 001 | ABS57604 | ||
| 008 | 090401t1997 xxu||||| |||| 00| 0 eng d | ||
| 035 | _a(Sirsi) u80948 | ||
| 041 | _aeng | ||
| 100 | _aLeather, P. | ||
| 245 | _aNesting or investing? motivations and constraints on home owners` repair and improvement behaviour | ||
| 260 | _c1997 | ||
| 350 | _a0 | ||
| 490 |
_aHousing Finance _v(35) August 1997, 28-37(9) |
||
| 520 | _aReports on new survey evidence on home owners` attitudes and behaviour regarding home improvements and repairs and considers the implications for mortgage lenders. | ||
| 650 | _aDISREPAIR | ||
| 650 | _aENGLISH HOUSE CONDITION SURVEY | ||
| 650 | _aHOME IMPROVEMENTS | ||
| 650 | _aHOME OWNERS | ||
| 650 | _aJOSEPH ROWNTREE FOUNDATION | ||
| 650 | _aOWNER-OCCUPATION | ||
| 650 | _aREPAIR AND MAINTENANCE | ||
| 690 | _aHOUSING | ||
| 942 | _n0 | ||
| 948 | _c18/09/1997 | ||
| 999 |
_c50990 _d50990 |
||